| 000 | 00591nam a2200181Ia 4500 | ||
|---|---|---|---|
| 008 | 151018s9999 xx 000 0 und d | ||
| 082 |
_bRBASDV8397 _a891.463 |
||
| 100 | _aप्रभाकर ताम्हणे | ||
| 245 | _aअनामिक नाते | ||
| 250 | _b1 | ||
| 260 |
_bसाठे निर्मला _c1973 |
||
| 300 | _a169 | ||
| 600 | _aप्रभाकर ताम्हणे | ||
| 630 | _aअनामिक नाते | ||
| 700 | _aप्रभाकर ताम्हणे | ||
| 730 | _aअनामिक नाते | ||
| 942 | _cBOOK | ||
| 999 |
_c1010761 _d1010758 |
||